| 000 | 00831nam a22002175i 4500 | ||
|---|---|---|---|
| 001 | 158528 | ||
| 003 | ES-MaACL | ||
| 005 | 20250830103045.0 | ||
| 008 | 040831s1886 xxk |||| | eng d | ||
| 100 | 1 |
_aMaine, Henry Sumner ( _d1822-1888) _9129363 |
|
| 245 | 1 | 0 |
_aPopular Government : _bfour essays / _cby Sir Henry Sumner Maine. |
| 250 | _a2th ed. | ||
| 260 |
_aLondon : _bJohn Murray, _c1886 ( _fSpottiswoode and Co.) |
||
| 300 |
_aXII, 261 p. ; _c23 cm. |
||
| 610 | 1 | 7 |
_aEstados Unidos. _tConstitution _2 _9147980 |
| 650 | 4 |
_aGobierno representativo- _zEstados Unidos. _9172075 |
|
| 651 | 4 |
_aEstados Unidos- _xPolítica y gobierno- _yS.XIX. _9172072 |
|
| 752 |
_aGran Bretaña - _cLondres |
||
| 852 |
_aES-MaACL _jG-11955 _z- Enc. tela _z- Enc. al final 32 p. de publicidad editorial |
||
| 999 |
_c158528 _d158528 |
||